Os 25 clubes com mais participações no Campeonato Paulista da 1ª Divisão - até 2015 - Statistics

Estatísticas Gerais
  • Esse quiz foi jogado 466 vezes
  • A pontuação média é 17 de 25
Estatísticas das Respostas
Participações Clube % Correto
102 CORINTHIANS
100%
99 PALMEIRAS
100%
100 SANTOS
100%
85 SÃO PAULO
100%
52 PONTE PRETA
95%
92 PORTUGUESA
93%
65 GUARANI
92%
50 BOTAFOGO DE RIBEIRÃO PRETO
81%
28 PAULISTA DE JUNDIAÍ
76%
71 JUVENTUS
72%
28 INTERNACIONAL
70%
45 XV DE PIRACICABA
65%
32 SÃO BENTO
64%
50 PORTUGUESA SANTISTA
62%
31 COMERCIAL
59%
40 FERROVIÁRIA
58%
28 PAULISTANO
54%
25 MARÍLIA
53%
37 NOROESTE
52%
44 AMÉRICA
49%
26 XV DE JAÚ
49%
28 MOGI MIRIM
43%
27 GERMÂNIA
24%
30 JABAQUARA
24%
46 YPIRANGA
19%
Nenhum quiz correspondente encontrado
Distribuição das Pontuações
Porcentagem de Pessoas com Cada Pontuação
Percentil de Números Respondidos
Sua Pontuação Histórica
Você não jogou esse quiz